000 00760nam a2200229Ii 4500
003 JO-AjNU
008 230605s9999||||xx |||||||||||||| ||und||
017 _a2005/1/42
020 _a9957-02-169-9
040 _aJO-AjNU
_bara
_erda
_cJO-AjNU
041 _aara
050 1 4 _aPJ7846.A755.M89 2005
100 3 _aتأليف المناصرة،عز الدين,
_eauthor
_924583
245 0 0 _aمذكرات البحر الميت: قصائد نثرية رعوية
250 _aط2
264 3 1 _aعمان:دار مجدلاوي،2005
300 _a151ص
336 _atext
_btxt
_2rdacontent
337 _aunmediated
_bn
_2rdamedia
338 _avolume
_bnc
_2rdacarrier
650 4 _aالأدب العربي - قصائد نثرية - البحر الميت
_924584
999 _aA9075
_c12643
_d12643